| 000 | 00763nam a22002532a 4500 | ||
|---|---|---|---|
| 001 | 18317 | ||
| 003 | BD-RjUL | ||
| 005 | 20211209000252.0 | ||
| 008 | 140220r19611957enka j 000 1 eng d | ||
| 035 |
_a(BD-RjUL)18375 _aOCLC ocm07569641 from D960523M |
||
| 040 |
_aDLC _cSER _dUKM _dEQO _dBD-RjUL _beng |
||
| 041 | _aeng | ||
| 082 | 0 | 0 |
_a823.91 _218 _bMAB 1961 |
| 100 | 1 |
_aMayne, William, _d1928-2010 _956383 |
|
| 245 | 1 | 4 |
_aThe blue boat. / _cwilliam Mayne, Illustrated by Geraldine Spence. |
| 250 | _a1st ed. | ||
| 260 |
_aOxford University Press : _bLondon, _c1957 [reprinted 1961]. |
||
| 300 |
_a173 p. : _billus. _c23 cm. |
||
| 650 | 0 |
_aFantasy. _956384 |
|
| 650 | 0 |
_aFantasies. _956385 |
|
| 942 |
_2ddc _cBK |
||
| 999 |
_c18317 _d18317 |
||